Úžitková hodnota a akosť čerstvého a skladovaného ovocia : Obh. 12.10.1993 /

Gespeichert in:
Bibliographische Detailangaben
1. Verfasser: Karkalíková, Marta (Verfasst von)
Format: Manuskript Buch
Sprache:Slowakisch
Veröffentlicht: Bratislava : STU v Bratislave ChtF, 1993
Tags: Tag hinzufügen
Keine Tags, Fügen Sie das erste Tag hinzu!

MARC

LEADER 00000ntm a22000003a 4500
001 stu22275
005 20150617225747.5
008 940218s1993----cs------------------slo-d
040 |a STU  |b slo 
041 0 |a slo 
044 |a cs 
080 |a 641.13(043.3) 
100 1 |a Karkalíková, Marta  |4 aut 
245 1 |a Úžitková hodnota a akosť čerstvého a skladovaného ovocia :  |b Obh. 12.10.1993 /  |c [aut.]Karkalíková,Marta 
260 |a Bratislava :  |b STU v Bratislave ChtF,  |c 1993 
300 |a 155 s :  |b Tab.,grafy,lit 
500 |a Katedra sacharidov a konzervácie potravín 
996 |b CKD267  |c C*KD267  |l CCI  |s A  |a 24  |w stu22275_0001